<?xml version="1.0" encoding="UTF-8"?>
<record
    xmlns:xsi="http://www.w3.org/2001/XMLSchema-instance"
    xsi:schemaLocation="http://www.loc.gov/MARC21/slim http://www.loc.gov/standards/marcxml/schema/MARC21slim.xsd"
    xmlns="http://www.loc.gov/MARC21/slim">

  <leader>02167cam a2200361Ia 4500</leader>
  <controlfield tag="001">8641998</controlfield>
  <controlfield tag="003">OSt</controlfield>
  <controlfield tag="005">20150408114146.0</controlfield>
  <controlfield tag="008">110328s2012    moua     b    001 0 eng  </controlfield>
  <datafield tag="020" ind1=" " ind2=" ">
    <subfield code="a">9781437701517</subfield>
  </datafield>
  <datafield tag="020" ind1=" " ind2=" ">
    <subfield code="a">1437701515</subfield>
  </datafield>
  <datafield tag="035" ind1=" " ind2=" ">
    <subfield code="a">(OCoLC)ocn709606358</subfield>
  </datafield>
  <datafield tag="035" ind1=" " ind2=" ">
    <subfield code="a">(OCoLC)709606358</subfield>
  </datafield>
  <datafield tag="035" ind1=" " ind2=" ">
    <subfield code="a">(NNC)8641998</subfield>
  </datafield>
  <datafield tag="040" ind1=" " ind2=" ">
    <subfield code="a">AIC</subfield>
    <subfield code="c">AIC</subfield>
    <subfield code="d">YDXCP</subfield>
    <subfield code="d">NNC-M</subfield>
  </datafield>
  <datafield tag="082" ind1=" " ind2=" ">
    <subfield code="2">22</subfield>
    <subfield code="a">616.0754</subfield>
    <subfield code="b">JCP</subfield>
  </datafield>
  <datafield tag="090" ind1=" " ind2=" ">
    <subfield code="a">RC76</subfield>
    <subfield code="b">.J37 2012</subfield>
  </datafield>
  <datafield tag="100" ind1="1" ind2=" ">
    <subfield code="a">Jarvis, Carolyn.</subfield>
    <subfield code="9">5590</subfield>
  </datafield>
  <datafield tag="245" ind1="1" ind2="0">
    <subfield code="a">Physical examination &amp; health assessment /</subfield>
    <subfield code="c">Carolyn Jarvis ; original illustrations by Pat Thomas ; assessment photographs by Kevin Strandberg.</subfield>
  </datafield>
  <datafield tag="246" ind1="3" ind2=" ">
    <subfield code="a">Physical examination and health assessment</subfield>
  </datafield>
  <datafield tag="250" ind1=" " ind2=" ">
    <subfield code="a">6th ed.</subfield>
  </datafield>
  <datafield tag="260" ind1=" " ind2=" ">
    <subfield code="a">St. Louis, Mo. :</subfield>
    <subfield code="b">Elsevier/Saunders,</subfield>
    <subfield code="c">c2012.</subfield>
  </datafield>
  <datafield tag="300" ind1=" " ind2=" ">
    <subfield code="a">xv, 880 p. :</subfield>
    <subfield code="b">col. ill. ;</subfield>
    <subfield code="c">28 cm.</subfield>
  </datafield>
  <datafield tag="504" ind1=" " ind2=" ">
    <subfield code="a">Includes bibliographical references and index.</subfield>
  </datafield>
  <datafield tag="505" ind1="0" ind2="0">
    <subfield code="t">Evidence-based assessment  --</subfield>
    <subfield code="t">Cultural competence: cultural care  --</subfield>
    <subfield code="t">The interview  --</subfield>
    <subfield code="t">The complete health history  --</subfield>
    <subfield code="t">Mental status assessment  --</subfield>
    <subfield code="t">Substance use assessment --</subfield>
    <subfield code="t">Domestic violence assessment  --</subfield>
    <subfield code="t">Assessment techniques and the clinical setting  --</subfield>
    <subfield code="t">General survey, measurement, vital signs --</subfield>
    <subfield code="t">Pain assessment : the fifth vital sign  --</subfield>
    <subfield code="t">Nutritional assessment  --</subfield>
    <subfield code="t">Skin, hair, and nails  --</subfield>
    <subfield code="t">Head, face, and neck, including regional lymphatics  --</subfield>
    <subfield code="t">Eyes  --</subfield>
    <subfield code="t">Ears  --</subfield>
    <subfield code="t">Nose, mouth, and throat  --</subfield>
    <subfield code="t">Breasts and regional lymphatics  --</subfield>
    <subfield code="t">Thorax and lungs  --</subfield>
    <subfield code="t">Heart and neck vessels  --</subfield>
    <subfield code="t">Peripheral vascular system and lymphatic system  --</subfield>
    <subfield code="t">Abdomen  --</subfield>
    <subfield code="t">Musculoskeletal system  --</subfield>
    <subfield code="t">Neurologic system  --</subfield>
    <subfield code="t">Male genitourinary system  --</subfield>
    <subfield code="t">Anus, rectum, and prostate  --</subfield>
    <subfield code="t">Female genitourinary system  --</subfield>
    <subfield code="t">The complete health assessment: putting it all together  --</subfield>
    <subfield code="t">Bedside assessment of the hospitalized adult  --</subfield>
    <subfield code="t">The pregnant woman  --</subfield>
    <subfield code="t">Functional assessment of the older adult.</subfield>
  </datafield>
  <datafield tag="650" ind1=" " ind2="0">
    <subfield code="a">Physical diagnosis.</subfield>
  </datafield>
  <datafield tag="650" ind1=" " ind2="0">
    <subfield code="a">Nursing assessment.</subfield>
  </datafield>
  <datafield tag="650" ind1="1" ind2="2">
    <subfield code="a">Physical Examination</subfield>
    <subfield code="x">methods.</subfield>
    <subfield code="9">5527</subfield>
  </datafield>
  <datafield tag="650" ind1="2" ind2="2">
    <subfield code="a">Medical History Taking</subfield>
    <subfield code="x">methods.</subfield>
  </datafield>
  <datafield tag="650" ind1="2" ind2="2">
    <subfield code="a">Nursing Assessment</subfield>
    <subfield code="x">methods.</subfield>
  </datafield>
  <datafield tag="942" ind1=" " ind2=" ">
    <subfield code="2">ddc</subfield>
    <subfield code="c">BOOK</subfield>
  </datafield>
  <datafield tag="999" ind1=" " ind2=" ">
    <subfield code="c">31578</subfield>
    <subfield code="d">266078</subfield>
  </datafield>
  <datafield tag="952" ind1=" " ind2=" ">
    <subfield code="1">0</subfield>
    <subfield code="2">2013-10-29</subfield>
    <subfield code="4">0</subfield>
    <subfield code="7">0</subfield>
    <subfield code="a">616.0754 JCP</subfield>
    <subfield code="d">2013-10-29</subfield>
    <subfield code="h">CL</subfield>
    <subfield code="i">00402666</subfield>
    <subfield code="m">CL</subfield>
    <subfield code="r">2013-10-29 00:00:00</subfield>
    <subfield code="t">BOOK</subfield>
    <subfield code="w">ddc</subfield>
    <subfield code="y">0</subfield>
  </datafield>
  <datafield tag="952" ind1=" " ind2=" ">
    <subfield code="1">0</subfield>
    <subfield code="2">2013-10-29</subfield>
    <subfield code="4">0</subfield>
    <subfield code="7">0</subfield>
    <subfield code="a">616.0754 JCP</subfield>
    <subfield code="d">2013-10-29</subfield>
    <subfield code="h">CL</subfield>
    <subfield code="i">00402667</subfield>
    <subfield code="m">CL</subfield>
    <subfield code="r">2013-10-29 00:00:00</subfield>
    <subfield code="t">BOOK</subfield>
    <subfield code="w">ddc</subfield>
    <subfield code="y">0</subfield>
  </datafield>
  <datafield tag="952" ind1=" " ind2=" ">
    <subfield code="1">0</subfield>
    <subfield code="2">2013-10-29</subfield>
    <subfield code="4">0</subfield>
    <subfield code="7">0</subfield>
    <subfield code="a">616.0754 JCP</subfield>
    <subfield code="d">2013-10-29</subfield>
    <subfield code="h">CL</subfield>
    <subfield code="i">00402668</subfield>
    <subfield code="m">CL</subfield>
    <subfield code="r">2013-10-29 00:00:00</subfield>
    <subfield code="t">BOOK</subfield>
    <subfield code="w">ddc</subfield>
    <subfield code="y">0</subfield>
  </datafield>
  <datafield tag="952" ind1=" " ind2=" ">
    <subfield code="1">0</subfield>
    <subfield code="2">2013-10-29</subfield>
    <subfield code="4">0</subfield>
    <subfield code="7">0</subfield>
    <subfield code="a">616.0754 JCP</subfield>
    <subfield code="d">2013-10-29</subfield>
    <subfield code="h">SZM</subfield>
    <subfield code="i">00402669</subfield>
    <subfield code="m">SZM</subfield>
    <subfield code="r">2013-10-29 00:00:00</subfield>
    <subfield code="t">BOOK</subfield>
    <subfield code="w">ddc</subfield>
    <subfield code="y">0</subfield>
  </datafield>
  <datafield tag="952" ind1=" " ind2=" ">
    <subfield code="1">0</subfield>
    <subfield code="2">2013-10-29</subfield>
    <subfield code="4">0</subfield>
    <subfield code="7">0</subfield>
    <subfield code="a">616.0754 JCP</subfield>
    <subfield code="d">2013-10-29</subfield>
    <subfield code="h">SZM</subfield>
    <subfield code="i">00402670</subfield>
    <subfield code="m">SZM</subfield>
    <subfield code="r">2013-10-29 00:00:00</subfield>
    <subfield code="t">BOOK</subfield>
    <subfield code="w">ddc</subfield>
    <subfield code="y">0</subfield>
  </datafield>
  <datafield tag="952" ind1=" " ind2=" ">
    <subfield code="1">0</subfield>
    <subfield code="2">2013-10-29</subfield>
    <subfield code="4">0</subfield>
    <subfield code="7">0</subfield>
    <subfield code="a">616.0754 JCP</subfield>
    <subfield code="d">2013-10-29</subfield>
    <subfield code="h">SZM</subfield>
    <subfield code="i">00402671</subfield>
    <subfield code="m">SZM</subfield>
    <subfield code="r">2013-10-29 00:00:00</subfield>
    <subfield code="t">BOOK</subfield>
    <subfield code="w">ddc</subfield>
    <subfield code="y">0</subfield>
  </datafield>
</record>
